125 matches avec Lens_Mort Subite (difficile) - Statistiques

Statistiques générales
  • Ce quiz a été pris 85 fois
  • Le résultat moyen est 3 sur 15
Answers on the Grid
Answers color-coded by a green-red scale on the quiz's grid according to % correct below.
Haïdara
Wylan Cyprien
Boukari
Chavarria
Kovacevic
David Da Costa
Delmotte
Duverne
Frankowski
Wesley Saïd
Gradit
Hermach
Hilton
Banza
Baal
Leca
Bourigeaud
Maoulida
Medina
Monnet-Paquet
Nomenjanahary
Samba
Seko Fofana
Seydou Keita
Thomert
Vairelles
Machado
Valdivia
Le Moigne
Danso
 
Statistiques - réponses
Réponse % Correct
169 matches Haïdara
50%
130 matches Wesley Saïd
38%
138 matches Leca
36%
141 matches Frankowski
29%
165 matches Medina
29%
192 matches Gradit
26%
158 matches Hilton
21%
128 matches Danso
12%
147 matches Boukari
7%
210 matches Seydou Keita
7%
148 matches Baal
5%
177 matches Thomert
5%
168 matches Vairelles
5%
152 matches Kovacevic
2%
133 matches Nomenjanahary
2%
Aucun quiz correspondant
Distribution des résultats
% des personnes avec chaque résultat
Percentile par nombre de réponses
Votre historique - résultats
Vous n’avez pas pris ce quiz